| 000 | 00875cam a22002533a 4500 | ||
|---|---|---|---|
| 001 | 23449 | ||
| 003 | PGUSA | ||
| 005 | 20140828083512.0 | ||
| 008 | 071111s2007||||xxu|||||s|||||000 | eng d | ||
| 040 |
_aPGUSA _beng |
||
| 042 | _adc | ||
| 050 | 4 | _aPS | |
| 100 | 1 |
_aLeacock, Stephen, _d1869-1944 |
|
| 245 | 1 | 0 |
_aBehind the Beyond, and Other Contributions to Human Knowledge _h[electronic resource] / _cStephen Leacock |
| 260 |
_bProject Gutenberg, _c2007 |
||
| 505 | 0 | _aBehind the beyond -- Familiar incidents -- Parisian pastimes -- The retroactive existence of Mr. Juggins -- Making a magazine -- Homer and humbug. | |
| 506 | _aPublic domain in the USA. | ||
| 516 | _aElectronic text | ||
| 653 | _aCanada -- Civilization | ||
| 653 | _aCanadian wit and humor | ||
| 830 | 0 |
_aProject Gutenberg _v23449 |
|
| 856 | 4 | 0 | _uhttp://www.gutenberg.org/ebooks/23449 |
| 942 | _cEB | ||
| 999 |
_c252704 _d252704 |
||